Fr. Conceicao Rodrigues College of Engineering

Responsive Web Design with HTML 5 and CSS 3 (Record no. 20893)

MARC details
000 -LEADER
fixed length control field 00345nam a2200157Ia 4500
082 ## - DEWEY DECIMAL CLASSIFICATION NUMBER
Classification number 4.65
Item number FRA
100 ## - MAIN ENTRY--PERSONAL NAME
Personal name Frain/Ben
245 ## - TITLE STATEMENT
Title Responsive Web Design with HTML 5 and CSS 3
260 ## - PUBLICATION, DISTRIBUTION, ETC.
Name of publisher, distributor, etc. PACKT
Date of publication, distribution, etc. 2012
366 ## - TRADE AVAILABILITY INFORMATION
Publishers's discount category 25
300 ## - PHYSICAL DESCRIPTION
Extent 305
546 ## - LANGUAGE NOTE
Language note ENGLISH
-- electronics
650 ## - SUBJECT ADDED ENTRY--TOPICAL TERM
Topical term or geographic name entry element web design
654 ## - SUBJECT ADDED ENTRY--FACETED TOPICAL TERMS
Focus term web design
942 ## - ADDED ENTRY ELEMENTS (KOHA)
Koha item type BOOK
Holdings
Withdrawn status Lost status Damaged status Not for loan Collection Home library Current library Date acquired Source of acquisition Cost, normal purchase price Inventory number Total Checkouts Full call number Barcode Date last seen Cost, replacement price Price effective from Koha item type
        CRC Fr. Agnel's C.Rodrigues College of Engineering Fr. Agnel's C.Rodrigues College of Engineering 17/03/2023 Allied Publishers 412.50 1256 dt 29.12.2014   4.65 FRA 23613 17/03/2023 550.00   BOOK
        CRC Fr. Agnel's C.Rodrigues College of Engineering Fr. Agnel's C.Rodrigues College of Engineering 17/03/2023 Allied Publishers 412.50 1256 dt 29.12.2014   4.65 FRA 23614 17/03/2023 550.00   BOOK